| 000 | 00459nam a2200133 4500 | ||
|---|---|---|---|
| 999 |
_c9021 _d9021 |
||
| 008 | 180403b ||||| |||| 00| 0 eng d | ||
| 082 | _aDPer 050 Dec 2015-Mar 2016 T48 v186-187 | ||
| 100 |
_927113 _aGregory, Sean. |
||
| 245 |
_aHow Cam Newton became the face of the NFL/ _cSean Gregory. |
||
| 260 |
_aNew York: _bTime Inc., _c©Dec 2015-Mar 2016. |
||
| 300 |
_av187 n4, pages 15-16: _billustrations; _c27 cm. |
||
| 650 | 0 |
_927115 _aSports. |
|
| 942 |
_2ddc _cPER |
||